The line upon a wind : (Record no. 127059)
[ view plain ]
| 000 -LEADER | |
|---|---|
| campo de control de longitud fija | 02046nam a22002537a 4500 |
| 003 - IDENTIFICADOR DE NÚMERO DE CONTROL | |
| campo de control | BJBSDDR |
| 005 - FECHA Y HORA DE LA ÚLTIMA TRANSACCIÓN | |
| campo de control | 20260512121439.0 |
| 007 - CAMPO FIJO DE DESCRIPCIÓN FÍSICA--INFORMACIÓN GENERAL | |
| campo de control de longitud fija | ta |
| 008 - DATOS DE LONGITUD FIJA--INFORMACIÓN GENERAL | |
| campo de control de longitud fija | 260512s2008 nyu||||| |||| 00| 0 eng d |
| 020 ## - NÚMERO INTERNACIONAL ESTÁNDAR DEL LIBRO | |
| Número Internacional Estándar del Libro | 9780393066531 |
| 020 ## - NÚMERO INTERNACIONAL ESTÁNDAR DEL LIBRO | |
| Número Internacional Estándar del Libro | 0393066533 |
| 040 ## - FUENTE DE CATALOGACIÓN | |
| Lengua de catalogación | spa |
| Centro/agencia transcriptor | BJBSDDR |
| 041 ## - CÓDIGO DE IDIOMA | |
| Código de lengua del texto/banda sonora o título independiente | eng |
| 050 ## - SIGNATURA TOPOGRÁFICA DE LA BIBLIOTECA DEL CONGRESO | |
| Número de ítem | M915 2008 |
| 100 1# - ENTRADA PRINCIPAL--NOMBRE DE PERSONA | |
| Nombre de persona | Mostert, Noël. |
| 9 (RLIN) | 48401 |
| 245 14 - MENCIÓN DEL TÍTULO | |
| Título | The line upon a wind : |
| Resto del título | the great war at sea, 1793-1815 / |
| Mención de responsabilidad, etc. | Noël. Mostert |
| 250 ## - MENCION DE EDICION | |
| Mención de edición | 1st American ed |
| 260 ## - PUBLICACIÓN, DISTRIBUCIÓN, ETC. | |
| Lugar de publicación, distribución, etc. | New York : |
| Nombre del editor, distribuidor, etc. | W.W. Norton & Co., |
| Fecha de publicación, distribución, etc. | 2008 |
| 300 ## - DESCRIPCIÓN FÍSICA | |
| Extensión | xxv, 774 pages : |
| Otras características físicas | illustrations ; |
| Dimensiones | 2008 |
| 505 ## - NOTA DE CONTENIDO CON FORMATO | |
| Nota de contenido con formato | Maps<br/>I. THE TACTICAL EVOLUTION. Ocean<br/>Navy<br/>Century<br/>Decade<br/>II. THE GREAT WAR, FIRST PHASE, 1793-1805. Wood<br/>Shipboard<br/>Toulon<br/>Buonaparte<br/>Corsica<br/>Battle<br/>Uncertainty<br/>Change<br/>Triumph<br/>Mutiny<br/>Tenerife<br/>Camperdown<br/>Duel<br/>Offensive<br/>Nile<br/>Barbary<br/>Neutrality<br/>"Quasi-war"<br/>Impressed<br/>Naples<br/>Acre<br/>Return<br/>Consul<br/>Home<br/>Baltic<br/>Straits<br/>Amiens<br/>"Temeraire"<br/>Resumption<br/>Boulogne<br/>Tripoli<br/>Watch<br/>Chase<br/>Prelude<br/>Trafalgar<br/>Aftermath<br/>III. THE CONCLUSIVE STRUGGLE, 1805-1816. Appraisal<br/>Rampage<br/>Sandy Hook<br/>Chesapeake<br/>Abominable<br/>Peninsula<br/>Collingwood<br/>Cadiz<br/>Catalonia<br/>Basque roads<br/>Expeditionary forces<br/>Timor<br/>China & Japan<br/>Crisis<br/>Breakdown<br/>"Swallow"<br/>Tarragona<br/>America<br/>War<br/>"Macedonian"<br/>Reflection<br/>Northwest<br/>Lakeland<br/>Torpedoes<br/>Elba<br/>Snow march<br/>Patuxent<br/>New Orleans<br/>Adriatic<br/>Adieu<br/>Algiers<br/>Postscript |
| 520 ## - RESUMEN, ETC. | |
| Sumario, etc. | In February 1793 France declared war on Britain, and for the next twenty-two years the Revolutionary and Napoleonic Wars raged. This was to be the longest, cruelest war ever fought at sea, comparable in scale only to the Second World War. New naval tactics were brought to bear, along with such unheard-of weapons as rockets, torpedoes, and submarines. The war on land saw the rise of the greatest soldier the world had ever known--Napoleon Buonaparte--whose vast ambition was thwarted by a genius he never met in person or in battleL: Admiral Horatio Nelson |
| 942 ## - ELEMENTOS DE ENTRADA SECUNDARIOS (KOHA) | |
| Fuente del sistema de clasificación o colocación | Clasificación de Library of Congress |
| Suprimir en OPAC | No |
| Tipo de ítem Koha | Libro |
| 946 ## - PROCESAMIENTO DE INFORMACIÓN LOCAL (OCLC) | |
| Iniciales del agente catalogador | cmc |
| Estatus retirado | Estado de pérdida | Fuente del sistema de clasificación o colocación | Estado de daño | No para préstamo | Colección | Biblioteca de origen | Biblioteca actual | Ubicación en estantería | Fecha de adquisición | Signatura topográfica completa | Código de barras | Visto por última vez | Copia número | Tipo de ítem Koha |
|---|---|---|---|---|---|---|---|---|---|---|---|---|---|---|
| Clasificación de Library of Congress | Automatización y Procesos Técnicos | Biblioteca Juan Bosch | Biblioteca Juan Bosch | Automatización y Procesos Técnicos (1er. Piso) | 12/05/2026 | M915 2008 | 00000199790 | 12/05/2026 | 1 | Libro |
